Ansiedad en la práctica clínica / (Registro nro. 1016)

Detalles MARC
000 -LEADER
fixed length control field 01534nam a2200385 a 4500
008 - CAMPO DE CONTROL (LIBRO)
fixed length control field 111130q2000 ag ||||f |||| 001 0 spa d
020 ## - INTERNATIONAL STANDARD BOOK NUMBER
ISBN S/N
041 ## - CODIGO DE IDIOMA
Código de idioma del texto/pista de sonido o título separado spa
092 ## - SIGNATURA TOPOGRAFICA DEWEY LOCAL
número de clasificación 616.89
libristica 12
sección CIA
100 1# - ENTRADA PRINCIPAL--NOMBRE PERSONAL
Nombre personal Cia, Alfredo
Función Coord.
9 (RLIN) 1634
245 ## - TITULO PROPIAMENTE DICHO
Título Ansiedad en la práctica clínica /
Mención de responsabilidad y remanente de la transcripción de la portada Alfredo Cia
250 ## - MENCION DE EDICION
Mención de edición 1a ed.
260 ## - PIE DE IMPRENTA
Lugar de publicación, distribución, etc Buenos Aires:
Nombre de la editorial, distribuidor, etc Roche;
Fecha de publicación 2000?
300 ## - DESCRIPCION FISICA
Extension 137 p.
500 ## - NOTA GENERAL
Nota general Cia, A., Carnelli, L. M. y Casas, F. (Coords.). (2000?). Ansiedad en la Práctica Clínica. (1a ed.). Buenos Aires : Roche.
590 ## - NOTAS LOCALES (RLIN)
Nota local Donación Dra. Natalia Fernández Noviembre 2011
653 ## - TÉRMINO INDIZADO - PALABRAS CLAVES
Palabra clave Ansiedad en la clínica y su tratamiento
653 ## - TÉRMINO INDIZADO - PALABRAS CLAVES
Palabra clave Ansiedad en la atencion primaria de la salud
653 ## - TÉRMINO INDIZADO - PALABRAS CLAVES
Palabra clave Fenomenología y diagnóstico diferencial de la ansiedad
653 ## - TÉRMINO INDIZADO - PALABRAS CLAVES
Palabra clave Epidemiología de los trastornos de ansiedad
653 ## - TÉRMINO INDIZADO - PALABRAS CLAVES
Palabra clave Comorbilidad con trastornos de ansiedad
653 ## - TÉRMINO INDIZADO - PALABRAS CLAVES
Palabra clave Neurobiología de la ansiedad
653 ## - TÉRMINO INDIZADO - PALABRAS CLAVES
Palabra clave Tratamiento farmacológico de la ansiedad
653 ## - TÉRMINO INDIZADO - PALABRAS CLAVES
Palabra clave Tratamiento psicosocial de la ansiedad
653 ## - TÉRMINO INDIZADO - PALABRAS CLAVES
Palabra clave Trastornos de ansiedad, diagnóstico y tratamiento
653 ## - TÉRMINO INDIZADO - PALABRAS CLAVES
Palabra clave Trastornos de pánico (TP)
653 ## - TÉRMINO INDIZADO - PALABRAS CLAVES
Palabra clave Trastornos de ansiedad generalizada (TAG)
653 ## - TÉRMINO INDIZADO - PALABRAS CLAVES
Palabra clave Fobia específica (FE)
653 ## - TÉRMINO INDIZADO - PALABRAS CLAVES
Palabra clave Trastorno de ansiedad social
653 ## - TÉRMINO INDIZADO - PALABRAS CLAVES
Palabra clave Trastorno por estrés port-traumático (TPET)
653 ## - TÉRMINO INDIZADO - PALABRAS CLAVES
Palabra clave Trastorno obsesivo compulsivo (TOC)
700 1# - ENTRADAS SECUNDARIAS - NOMBRE PERSONAL
Nombre personal Carnelli, Luis M.
Función Coord.
9 (RLIN) 1635
700 1# - ENTRADAS SECUNDARIAS - NOMBRE PERSONAL
Nombre personal Casas, Florencia
Función Coord.
9 (RLIN) 1636
942 ## - ADDED ENTRY ELEMENTS (KOHA)
Source of classification or shelving scheme Dewey Decimal Classification
Item type Libros
Existencias
Estado de retiro Existencia Fuente de clasificación Estado general No para prestamo Colección Ubicación permanente ubicación actual Sala de ubicación Fecha de adquisición Total Checkouts Número de clasificación Código de barras Date last seen Date last borrowed Número de ejemplar Price effective from Koha tipo de elemento (item) Public note
    Dewey Decimal Classification     Reference Biblioteca Medicina Biblioteca Medicina Referencia 30/11/2011 1 616.89 12 CIA 2473 06/11/2014 22/11/2012 ej.1 30/11/2011 Reference LIBRO DE CONSULTA

UNIVERSIDAD NACIONAL DEL COMAHUE
Biblioteca de la Facultad de Ciencias Médicas
Sede Toschi: Los Arrayanes y Av. Toschi, Cipolletti  - Rio Negro
Sede Los Tordos:  Yrigoyen al 2211, Cipolletti - Rio Negro 

Teléfono: 0299 - 4774707 int 25
Contacto: biblioteca@facimed.uncoma.edu.ar
© 2011 - 2026